000 00908nam a22002057a 4500
999 _c5942
_d5942
005 20251125232804.0
008 s2534 th tha d
020 _a9747366282
040 _aNALT
041 _atha
050 _aDS577 จ148ก
100 0 _aจรรยา ประชิตโรมรัน
245 1 0 _aการสงครามในสมัยสมเด็จพระนเรศวรมหาราช (พ.ศ.2113-2148) และสมเด็จพระเอกาทศรถ (พ.ศ.2148-2153)
260 3 _a[กรุงเทพฯ] :
_bเมืองโบราณ,
_c2534
300 _a200 หน้า :
_b แผนที่, ตาราง
650 0 4 _aไทย -- ประวัติศาสตร์ -- กรุงศรีอยุธยา
850 _aNALT
856 4 0 _uhttps://hdl.handle.net/20.500.14156/401591
_71
942 _cGB
_2lcc